Initiales EA à EZ - Statistiques

Statistiques générales
  • Ce quiz a été pris 33 fois
  • Le résultat moyen est 12 sur 26
Statistiques - réponses
Initiales Réponse % Correct
EW Hermione Granger était son premier rôle Emma Watson
97%
ES Chanteur de Shape Of You Ed Sheeran
90%
EJ Il forme un sacré duo avec Ramzy Éric Judor
90%
EZ L'un des fils de la légende française de football Enzo Zidane
81%
EY Seul capitale par E et seul pays en Y Erevan Yémen
81%
ED A 77 ans, elle est toujours présentatrice météo sur TF1 Évelyne Dhéliat
81%
EH Joueur belge, vainqueur de la LDC en 2022 avec le Réal de Madrid Eden Hazard
71%
EP Le King de Graceland, comme ce fait appelé ce célèbre chanteur Elvis Presley
68%
EB Ministre de l'Éducation nationale de France en 2025 Élisabeth Borne
65%
EO Pilote français de Formule 1, vainqueur du GP de Hongrie en 2021 Esteban Ocon
65%
EM Footballeur du LOSC, frère cadet d'un champion du monde 2018 Éthan Mbappé
65%
EQ Père du champion du monde 2021 de MotoGP, ancien serrurier Étienne Quartararo
55%
EG Miss France 2001 née à Reims Élodie Gossuin
52%
EN Joueur de rugby, ont le fils Romain joué au même club Émile Ntamack
52%
EC Personnage de fiction interprété par R. Pattinson dans Twilight Edward Cullen
45%
ET Grand navigateur français avec son bateau Pen Duick Éric Tabarly
42%
ER Première dame des États-Unis durant 12 ans Éleanor Roosevelt
39%
EF Équipe de cyclisme professionnel dont les maillots sont roses Éducation First
32%
EL Président de la République Française de 1899 à 1906 Émile Loubet
16%
EI Anglais vice champion du monde 1999 de F1 Eddie Irvine
13%
EX Ancien saxophoniste américain de jazz Ed Xiques
3%
EV En 2019, elle animait Quatre Mariages pour une lune de miel Élodie Villemus
3%
EA Champion du monde moto 125cm³ en 1999 Emilio Alzamora
3%
EU Femme de Kyle Cassie Émilie Ullerup
0%
EK 1er français à avoir gagné 2 matchs de badminton lors d'un mêmetournoi olympique Erwin Kehlhoffner
0%
EE Il joue Elnor dans la série Star Trek Évan Evagora
0%
Aucun quiz correspondant
Distribution des résultats
% des personnes avec chaque résultat
Percentile par nombre de réponses
Votre historique - résultats
Vous n’avez pas pris ce quiz